000 00656nam a22002057a 4500
003 0
005 20250829163450.0
008 250829b xxu||||| |||| 00| 0 eng d
020 _a978-1-98469-588-8
050 _aD 21
_b.C66 2025
100 _aCooper, Ryan,
_eauthor.
245 _aWorld history :
_bfrom prehistoric to modern times /
_cRyan Cooper.
260 _aNew York, NY :
_b3G E-Learning LLC,
_c2025.
300 _axviii, 285 pages :
_bcolored illustrations ;
_c26 cm.
504 _aIncludes bibliographical references and index.
650 _aWorld history.
650 _aCivilization
_xHistory.
650 _aHistory, Modern.
942 _2lcc
_cBK
999 _c367700
_d367700